Part B (Record no. 67946)
[ view plain ]
| 000 -LEADER | |
|---|---|
| fixed length control field | 01142cam a2200385 4500 |
| 001 - CONTROL NUMBER | |
| control field | ABS64225 |
| 008 - FIXED-LENGTH DATA ELEMENTS--GENERAL INFORMATION | |
| fixed length control field | 010808n2001 000 0 eng u |
| 035 ## - SYSTEM CONTROL NUMBER | |
| System control number | (Sirsi) u114005 |
| 100 ## - MAIN ENTRY--PERSONAL NAME | |
| Personal name | Hiorns, N. |
| 245 ## - TITLE STATEMENT | |
| Title | Part B |
| 260 ## - PUBLICATION, DISTRIBUTION, ETC. | |
| Date of publication, distribution, etc. | 2001 |
| 490 ## - SERIES STATEMENT | |
| Series statement | Building Engineer |
| Volume/sequential designation | 76(7) July 2001, 10-31(22) |
| 520 ## - SUMMARY, ETC. | |
| Summary, etc. | Feature focusing on fire risk management in heritage buildings, fire protection systems, fire containments and fire-fighting provisions. |
| 590 ## - LOCAL NOTE (RLIN) | |
| Local note | ABS |
| 650 ## - SUBJECT ADDED ENTRY--TOPICAL TERM | |
| Topical term or geographic name entry element | APPROVED DOCUMENT B |
| 650 ## - SUBJECT ADDED ENTRY--TOPICAL TERM | |
| Topical term or geographic name entry element | BUILDING REGULATIONS |
| 9 (RLIN) | 6224 |
| 650 ## - SUBJECT ADDED ENTRY--TOPICAL TERM | |
| Topical term or geographic name entry element | BUILDING REGULATIONS PART B |
| 650 ## - SUBJECT ADDED ENTRY--TOPICAL TERM | |
| Topical term or geographic name entry element | FIRE CONTROL |
| 650 ## - SUBJECT ADDED ENTRY--TOPICAL TERM | |
| Topical term or geographic name entry element | FIRE FIGHTING PROVISIONS |
| 650 ## - SUBJECT ADDED ENTRY--TOPICAL TERM | |
| Topical term or geographic name entry element | FIRE PRECAUTIONS |
| 650 ## - SUBJECT ADDED ENTRY--TOPICAL TERM | |
| Topical term or geographic name entry element | FIRE PROTECTION |
| 650 ## - SUBJECT ADDED ENTRY--TOPICAL TERM | |
| Topical term or geographic name entry element | FIRE PROTECTION SYSTEMS |
| 650 ## - SUBJECT ADDED ENTRY--TOPICAL TERM | |
| Topical term or geographic name entry element | FIRE RISK |
| 650 ## - SUBJECT ADDED ENTRY--TOPICAL TERM | |
| Topical term or geographic name entry element | FIRE RISK MANAGEMENT |
| 650 ## - SUBJECT ADDED ENTRY--TOPICAL TERM | |
| Topical term or geographic name entry element | MANAGEMENT-HEALTH AND SAFETY-FIRE SAFETY |
| 650 ## - SUBJECT ADDED ENTRY--TOPICAL TERM | |
| Topical term or geographic name entry element | PART B |
| 690 ## - LOCAL SUBJECT ADDED ENTRY--TOPICAL TERM (OCLC, RLIN) | |
| Topical term or geographic name as entry element | BUILT ENVIRONMENT-BUILDING STANDARDS |
| 700 ## - ADDED ENTRY--PERSONAL NAME | |
| Personal name | Dawkin, A. |
| 700 ## - ADDED ENTRY--PERSONAL NAME | |
| Personal name | Cherry, J. |
| 700 ## - ADDED ENTRY--PERSONAL NAME | |
| Personal name | Ingram, G. |
| 700 ## - ADDED ENTRY--PERSONAL NAME | |
| Personal name | Lowe, D. |
| 700 ## - ADDED ENTRY--PERSONAL NAME | |
| Personal name | Hopkinson, J. |
| 700 ## - ADDED ENTRY--PERSONAL NAME | |
| Personal name | Wilson, B. |
| 942 ## - ADDED ENTRY ELEMENTS (KOHA) | |
| Suppress in OPAC | 0 |
| Withdrawn status | Lost status | Source of classification or shelving scheme | Damaged status | Not for loan | Home library | Current library | Shelving location | Date acquired | Total Checkouts | Full call number | Barcode | Date last seen | Copy number | Price effective from | Koha item type |
|---|---|---|---|---|---|---|---|---|---|---|---|---|---|---|---|
| Dewey Decimal Classification | London | London | Journal article | 08/08/2001 | ABS64225 | 114005-1001 | 06/08/2019 | 1 | 06/08/2019 | Journal article |